Цветные ветра: повесть

Opis bibliograficzny
1. autor: Иванов В. В. Всеволод Вячеславович
Język:rosyjski
Wydane: Барнаул, Алтайское кн. изд-во, 1987
Wydanie:[Переизд.]
Hasła przedmiotowe:
Format: Książka
KOHA link:https://koha.lib.tpu.ru/cgi-bin/koha/opac-detail.pl?biblionumber=139784

MARC

LEADER 00000nam0a2200000 4500
001 139784
005 20231101220822.0
020 |a RU  |b 87-75438 
035 |a (RuTPU)RU\TPU\book\151425 
090 |a 139784 
100 |a 20080610d1987 m y0rusy5003 ca 
101 0 |a rus 
102 |a RU 
105 |a a z 000ay 
200 1 |a Цветные ветра  |e повесть  |f В. В. Иванов 
205 |a [Переизд.] 
210 |a Барнаул  |c Алтайское кн. изд-во  |d 1987 
215 |a 240 с.  |c ил.  |d 20 см 
610 1 |a Сибирь 
610 1 |a повести 
610 1 |a Гражданская война 1918-1921 
675 |a Р2  |z rus 
700 1 |a Иванов  |b В. В.  |c русский писатель  |f 1895-1963  |g Всеволод Вячеславович  |2 stltpush  |3 (RuTPU)RU\TPU\pers\2003  |9 770 
801 0 |a RU  |b RuMRKP  |c 19950417  |g psbo 
801 1 |a RU  |b 63413507  |c 20080610  |g PSBO 
801 2 |a RU  |b 63413507  |c 20140208  |g PSBO 
942 |c BK